000 00446nam a22001697a 4500
999 _c7622
_d7622
003 OSt
005 20190214193935.0
008 190214b ||||| |||| 00| 0 eng d
020 _a1577487680
040 _cDLC
082 _a232.12
245 _aGod Keeps His Promises ;
_bProphecies fulfilled in the new testament /
_cKen Abraham.
260 _aUhrichsville, Ohio ;
_bBarbour.
300 _a341 p.:
650 _ainspirational
942 _2ddc
_cBK